[Event "AUS-ch Major"]
[Site "Parramatta"]
[Date "2008.01.03"]
[Round "3"]
[White "Jens, Henk W"]
[Black "Mendes da Costa, Alex"]
[Result "1/2-1/2"]
[WhiteElo "1867"]
[BlackElo "1953"]
[PlyCount "108"]
[EventDate "2008.01.02"]
[EventType "swiss"]
[EventRounds "11"]
[EventCountry "AUS"]
[SourceTitle "EXT 2010"]
[Source "ChessBase"]
[SourceDate "2010.11.25"]
[SourceVersion "1"]
[SourceVersionDate "2010.11.25"]
[SourceQuality "1"]

1. d4 Nf6 2. Nf3 e6 3. Nbd2 d5 4. e3 c5 5. b3 a6 6. Bb2 Nc6 7. Bd3 Qc7 8. 0-0 Bd7 9. c3 Bd6 10. Rc1 Rc8 11. c4 Qa5 12. Bb1 cxd4 13. exd4 0-0 14. Ne5 Ne7 15. Ndf3 Bc6 16. Re1 Ba3 17. Bxa3 Qxa3 18. c5 Ne4 19. Nd2 Nf6 20. g4 Qb2 21. Ndf3 Ne4 22. Re2 Qa3 23. Nxc6 bxc6 24. Ne5 Qa5 25. Qc2 Ng6 26. f3 Ng5 27. Kf2 Qb4 28. Rd1 Nh3+ 29. Kg3 Nhf4 30. Ree1 f5 31. Nxg6 Nxg6 32. Rxe6 Qb8+ 33. Rd6 Rcd8 34. gxf5 Rxd6 35. cxd6 Qxd6+ 36. Kg2 Rxf5 37. Rf1 Rh5 38. Kh1 Nf4 39. Qf2 Qh6 40. Re1 Kf8 41. Re5 Rxe5 42. dxe5 Qg5 43. Qc5+ Kf7 44. e6+ Nxe6 45. Qxc6 Qf4 46. Kg2 Qxf3+ 47. Kxf3 Nd4+ 48. Kf4 Nxc6 49. Bd3 Nb4 50. Bxh7 Nxa2 51. Ke5 g6 52. Kxd5 Kg7 53. Bxg6 Kxg6 54. Kc5 Nc1 1/2-1/2